Engineering physics / (Record no. 39684)

MARC details
000 -LEADER
fixed length control field 00662nam a22002057a 4500
005 - DATE AND TIME OF LATEST TRANSACTION
control field 20100806104449.0
010 ## - LCCN (DPL NO)
LC control number ENG-98433
020 ## - INTERNATIONAL STANDARD BOOK NUMBER
Terms of availability 120.00
International Standard Book Number 9788190733809
035 ## - SYSTEM CONTROL NUMBER
System control number EN-81966
037 ## - SOURCE OF ACQUISITION
Source of stock number/acquisition DBAD/PUB
082 ## - DEWEY DECIMAL CLASSIFICATION NUMBER
Classification number 530
100 ## - MAIN ENTRY--PERSONAL NAME
Personal name Anandan, S.
245 ## - TITLE STATEMENT
Title Engineering physics /
Statement of responsibility, etc by S. Anandan
260 ## - PUBLICATION, DISTRIBUTION, ETC. (IMPRINT)
Place of publication, distribution, etc Chennai
Name of publisher, distributor, etc Sams Publishers
Date of publication, distribution, etc 2008
270 ## - ADDRESS
Address Flat No. 10, Annapoorana Flats, No. 3/4, 17th, Street
City Chennai
Telephone number 600061
300 ## - PHYSICAL DESCRIPTION
Extent verious pegings
Dimensions 22 cm. (Pbk)
700 ## - ADDED ENTRY--PERSONAL NAME
9 (RLIN) 7380
942 ## - ADDED ENTRY ELEMENTS (KOHA)
Source of classification or shelving scheme Dewey Decimal Classification
Item type English Books
Classification part 530
Call number suffix ANA
Holdings
Withdrawn status Lost status Not for loan Collection code Home library Current library Date acquired Cost, normal purchase price Full call number Barcode Copy number Cost, replacement price Koha item type
    Not For Loan Non-fiction D.B.Act.Division D.B.Act.Division 06/08/2010 120.00 530 ANA EN-81966 1 120.00 English Books

© Delhi Public Library
Hit Counter
free hit counter